| 000 | 00622nam a2200169 i 4500 | ||
|---|---|---|---|
| 001 | 146151 | ||
| 003 | ES-MaACL | ||
| 005 | 20230906201430.0 | ||
| 007 | t| | ||
| 008 | 180528s1913 sp ||||1| spa d | ||
| 245 | 0 | 0 | _aMemoria referente a los servicios que se hallan a cargo de la representación del estado en el Arrendamiento de Tabacos y Dirección General del Timbre y del Monopolio de Cerillas. |
| 260 |
_aMadrid : _b[s.n.], _c1913. |
||
| 300 |
_a77 p. ; _c26 cm. |
||
| 594 | _aPrecede al tít.: Ministerio de Hacienda. | ||
| 710 | 2 |
_aCompañía Arrendataria de Tabacos. _9161592 |
|
| 852 |
_aES-MaACL _jC-23756(4) |
||
| 999 |
_c146151 _d146151 |
||